000 01948nam a2200373 c 4500
003 BLK
005 20180422094715.0
008 180413b bul|||||r ||||||| ||bul||
010 _aKNG00017608000
020 _a954-8989-01-8
_bиздат.: Фонд. Янко Сакъзов - на том(т. 1)
040 _aBLK
041 _aBUL
_cBUL
080 _aПолитически партии и движения
_b329
_x(497.2)БСДП(091)(092)(093.3)
_z329(497.2)БСДП(091)(092)(093.3)
080 _aБългарски политик, доктор по международно право
_b929 Москов, Атанас Симеонов
_x
_z929 Москов, Атанас Симеонов
100 1 _aМосков, Атанас Симеонов
_eпърви автор
_9364022
139 _aМосков, Атанас Симеонов
_bМ 92
245 1 0 _aСпомени
_bТ. 1 - За том: Хроника относно преживелици, идеи и събития, отбелязани от един социалист, живял
_cАтанас Симеонов Москов.
_nТ. 1
_pВъзходи и падини
257 _aBGR
260 София
_c1997 -
300 _c24 см
380 _a3
500 _aПълното име на авт. е Атанас Москов Енчев. - Офс. изд.
600 1 4 _aМосков, Атанас Симеонов
_9364022
650 4 _aБСДП - дейци - спомени
_9244983
650 4 _aПолитици, български - спомени
_9247072
653 _aспомени
653 _aмемоари
760 1 _3- на том(т. 1)
_aМосков, Атанас Симеонов
_dФонд. Янко Сакъзов, 1997
_h511 с., 8 л. : ил., портр., факс.
_tТ. 1 Възходи и падини
852 _aЦб 192947
856 4 _qpdf
_u
856 4 _qpdf
_u
942 _cKNG
_n0
_01
944 _aCR
_c15.01.2003
_kВаля_Йорданова
944 _aED
_c06.03.2006
_k
999 _c15804
_d15804